Loading...

Letters to Chief Ministers 1947-1964 /

Bibliographic Details
Other Authors: Nehru, Jawaharlal
Format: Printed Book
Language:English
Published: New Delhi: Jawaharlal Nehru Memorial Fund, 1989.
Subjects:
LEADER 00650cam a2200205ua 4500
008 060815t1989||||||||||| 001 ||eng c
020 |a 1956-2338-X 
041 0 |a eng 
082 |a 954.049 2  |b NEH.L.4 
245 0 0 |a Letters to Chief Ministers 1947-1964 /  
260 |a New Delhi:  |b Jawaharlal Nehru Memorial Fund,  |c 1989. 
300 |a 668p.. 
362 1 |a 1989. 
365 |a Rs.200/-  |e hb 
500 |a Includes index. 
650 0 |a Javaharlal Nehru 
700 0 2 |a Nehru, Jawaharlal,  
942 |c REF 
999 |c 4574  |d 4574 
952 |0 0  |1 0  |4 0  |6 954_049000000000000_2_NEH_L  |7 0  |9 4798  |a KUCL  |b KUCL  |d 2014-05-23  |l 0  |o 954.049 2 NEH.L.  |p 07845  |r 2017-03-09  |w 2014-05-23  |y REF